Playable Genshin Impact Characters(V6.5) No Hints - Statistics

General Stats
  • This quiz has been taken 30 times
  • The average score is 103 of 115
Answer Stats
Character Name % Correct
Aino
100%
Alhaitham
100%
Cyno
100%
Diluc
100%
Eula
100%
Flins
100%
Hu Tao
100%
Iansan
100%
Jahoda
100%
Jean
100%
Klee
100%
Lauma
100%
Lisa
100%
Mavuika
100%
Mualani
100%
Ororon
100%
Raiden
100%
Tighnari
100%
Varka
100%
Venti
100%
Wanderer
100%
Wriothesley
100%
Xianyun
100%
Zhongli
100%
Albedo
94%
Amber
94%
Arlecchino
94%
Beidou
94%
Bennett
94%
Candace
94%
Chiori
94%
Chongyun
94%
Citlali
94%
Clorinde
94%
Collei
94%
Dehya
94%
Diona
94%
Escoffier
94%
Freminet
94%
Furina
94%
Gorou
94%
Ifa
94%
Ineffa
94%
Kaedehara Kazuha
94%
Kaeya
94%
Kamisato Ayaka
94%
Kamisato Ayato
94%
Kaveh
94%
Kinich
94%
Kujou Sara
94%
Lan Yan
94%
Lynette
94%
Lyney
94%
Mika
94%
Nahida
94%
Navia
94%
Nefer
94%
Neuvillette
94%
Ningguang
94%
Sangonomiya Kokomi
94%
Sayu
94%
Sethos
94%
Shikanoin Heizou
94%
Tartaglia / Childe
94%
Varesa
94%
Xiangling
94%
Xiao
94%
Xilonen
94%
Xinyan
94%
Yae Miko
94%
Yumemizuki Mizuki
94%
Zibai
94%
Arataki Itto
88%
Baizhu
88%
Charlotte
88%
Durin
88%
Fischl
88%
Gaming
88%
Ganyu
88%
Illuga
88%
Kachina
88%
Keqing
88%
Kuki Shinobu
88%
Layla
88%
Nilou
88%
Qiqi
88%
Sigewinne
88%
Thoma
88%
Yanfei
88%
Yelan
88%
Barbara
81%
Chasca
81%
Columbina
81%
Faruzan
81%
Linnea
81%
Razor
81%
Rosaria
81%
Shenhe
81%
Sucrose
81%
Xingqiu
81%
Yaoyao
81%
Yun Jin
81%
Dahlia
75%
Dori
75%
Mona
75%
Noelle
75%
Skirk
75%
Emilie
69%
Yoimiya
69%
Nicole
63%
Traveller
63%
Kiara
56%
Chevruse
50%
Aloy
44%
Manekin
13%
No matching quizzes found
Score Distribution
Percent of People with Each Score
Percentile by Number Answered
Your Score History
You have not taken this quiz